| 000 | 00777nam a2200265Ia 4500 | ||
|---|---|---|---|
| 003 | OSt | ||
| 005 | 20220918171005.0 | ||
| 006 | a|||||r|||| 00| 0 | ||
| 007 | ta | ||
| 008 | 220917b |||||||| |||| 00| 0 eng d | ||
| 020 |
_a9781111822576 (pbk) _c2880.98 |
||
| 024 | _a281,708 | ||
| 037 |
_bVMB/13-14/269, 14/02/2014, Vardhman Books _cTextual |
||
| 040 |
_aARTS _cARTS _beng |
||
| 041 |
_2eng _aeng |
||
| 082 | _aX:9, Q2 | ||
| 100 |
_aBell Myrtle P. _932920 |
||
| 245 | 0 | _aDiversity in organization | |
| 250 | _a2nd | ||
| 260 |
_aAustralia _bSouth Western, Cenage Learning _c2012 |
||
| 300 |
_axv, 544p. _ccm. |
||
| 650 | _aECONOMICS | ||
| 942 |
_hX:9, Q2 _cTEXL _2CC |
||
| 999 |
_c137135 _d137135 |
||